000 00614nam a2200181Ia 4500
005 20250508153423.0
008 008 250505s9999 xx 000 0 eng d
037 _aTextual
040 _aFEDL
_beng
_cFEDL
041 _aeng
_2eng
084 _a371.93, UNI
_qFEDL
245 0 _aComparison of expenditures and estimated standard costs for selected juvenile delinquency services
245 0 _cU. S. Department of Health, Education, and Welfare
260 _aWashington, USA
_bU.S. Government Printing Office
_c1960
300 _a48p.
942 _cTEXL
_h371.93, UNI
999 _c1342736
_d1342736